000 00197 a2200097 4500
020 _a0961829230
041 _aspa
100 _aWebster, Nila
245 _aEl regalo tuyo, el regalo mio
942 _cBK
999 _c29807
_d29805